000 00847nam a2200217 a 4500
001 016671635
008 181022s2009 ||||||||||||||||| || u
020 _a9780205412433
020 _a9780205612628 (International ed.)
050 _aBF 121 Psy
100 _aNamy, Laura L
245 1 0 _aPsychology: from inquiry to understanding
_cScott O. Lilienfeld; Steven Jay Lynn; Laura L. Lynn; Nancy J. Woolf
260 _aBoston:
_bPearson/A&B
_c2009
300 _a1 v. (various paging) : ill.
500 _aIncludes bibliographical references and indexes
650 0 _aPSYCHOLOGY--TEXTBOOKS
700 _aLynn, Steven Jay
700 _aWoolf, Nancy J
700 _aLilienfeld, Scott O
995 _FCBU-MAIN LIBRARY (Kitwe)
_I245.86
_M2
_UOUT
_WOct 22, 2018
_ZMain Library Open Access Collection
999 _c55225
_d55225